Model mothers : Jewish mothers and maternity provision in East London, 1870-1939
Αποθηκεύτηκε σε:
| Κύριος συγγραφέας: | |
|---|---|
| Μορφή: | Βιβλίο |
| Γλώσσα: | English |
| Δημοσίευση: |
Oxford :
Clarendon ,
1994
|
| Σειρά: | Oxford historical monographs
|
| Θέματα: | |
| Ετικέτες: |
Προσθήκη ετικέτας
Δεν υπάρχουν, Καταχωρήστε ετικέτα πρώτοι!
|
MARC
| LEADER | 00000nam a2200000 i 4500 | ||
|---|---|---|---|
| 001 | 1/5874 | ||
| 008 | 960617s1994 eng d | ||
| 020 | |a 0-19-820454-X | ||
| 035 | |l 10016158 | ||
| 040 | |a GR-MY-UA |b gre |e aacr | ||
| 041 | 0 | |a eng | |
| 082 | 0 | |a 362.198200899240421 | |
| 100 | 1 | |a Marks, Lara |d 1963- | |
| 245 | 1 | 0 | |a Model mothers : |b Jewish mothers and maternity provision in East London, 1870-1939 / |c Lara V. Marks |
| 260 | |a Oxford : |b Clarendon , |c 1994 | ||
| 300 | |a 320 p. |b tables | ||
| 490 | 1 | |a Oxford historical monographs | |
| 504 | |a Includes bibliographical references | ||
| 650 | 0 | 0 | |a Jewish women |x Health and hygiene |z England |z London. |
| 650 | 0 | 0 | |a Maternal health services |z England |z London. |
| 650 | 0 | 0 | |a Maternal and infant welfare |z England |z London. |
| 650 | 0 | 0 | |a Jewish women |x Services for |z England |z London. |
| 650 | 0 | 0 | |a Infant health services |z England |z London. |
| 650 | 0 | 0 | |a Infants |x Health and hygiene |z England |z London. |
| 830 | 0 | |a Oxford historical monographs | |
| 852 | |a INST |b LESVOS |e 19960617 |h 362.198200899240 MAR |p 005100009913 |q 005100009913 |t BK |y 0 | ||
| 909 | |a Λ |b 044199 | ||